| Tag |
First Indicator |
Second Indicator |
Subfields |
| LEADER |
00000cam a22000001 4500 |
| 001 |
in00000061017 |
| 005 |
20151008051053.0 |
| 008 |
740213s1960 miu b 00100 eng |
| 010 |
|
|
|a 60063909
|
| 035 |
|
|
|a (OCoLC)00943884
|
| 035 |
|
|
|9 AAG5488AM
|
| 040 |
|
|
|a DLC
|c DLC
|d TXA
|d UtOrBLW
|
| 043 |
|
|
|a e-uk---
|
| 049 |
|
|
|a TXAM
|c [327450]
|
| 050 |
0 |
0 |
|a BH301.S7
|b M6 1960
|
| 082 |
0 |
|
|a 111.85
|
| 092 |
|
|
|a 111.52
|b M745s
|
| 100 |
1 |
|
|a Monk, Samuel Holt.
|
| 245 |
1 |
4 |
|a The sublime ;
|b a study of critical theories in XVIII-century England /
|c With a new pref. by the author.
|
| 264 |
|
1 |
|a [Ann Arbor] :
|b University of Michigan Press,
|c [1960]
|
| 300 |
|
|
|a 250 pages ;
|c 21 cm.
|
| 336 |
|
|
|a text
|b txt
|2 rdacontent
|
| 337 |
|
|
|a unmediated
|b n
|2 rdamedia
|
| 338 |
|
|
|a volume
|b nc
|2 rdacarrier
|
| 490 |
0 |
|
|a Ann Arbor paperbacks ;
|v AA40
|
| 504 |
|
|
|a Includes bibliographical references and index.
|
| 541 |
0 |
|
|a Donated by Stanley Archer in October, 1997.
|
| 650 |
|
0 |
|a Sublime, The.
|
| 650 |
|
0 |
|a Aesthetics.
|
| 650 |
|
0 |
|a Criticism
|z Great Britain
|x History.
|
| 999 |
|
|
|a MARS
|
| 999 |
f |
f |
|s 0bb07516-cd31-371b-8581-5fba6405eeac
|i 194dc7dc-f118-3fec-a0d3-583144a8f692
|t 0
|
| 952 |
f |
f |
|p ric
|a Texas A&M University
|b Rellis Campus
|c Joint Library Facility
|d Remote Storage
|t 0
|e BH301.S7 M6 1960
|h Library of Congress classification
|i unmediated -- volume
|m A14800506736
|
| 998 |
f |
f |
|a BH301.S7 M6 1960
|t 0
|l Remote Storage
|